000 01289nam0a2200337 4500
001 RU\NLR\bibl\94256
005 20250617080857.0
010 _a5-295-02163-7
_93000
021 _aRU
_b2000-7797
_9387
035 _a(NLR Aleph) 000092103
090 _a517094
_c517094
100 _a20000623d2000 |||y0rusy50 ca
101 0 _arus
102 _aRU
105 _aach |||||||||
200 1 _aВосстание 1773-1774 гг.в Башкортостане
_fСалават Таймасов
210 _aУфа
_cКитап
_d2000
215 _a375, [1] с.
_cил., факс., портр.
_d20
320 _aБиблиогр.: с. 168-181, 263, 317-321
320 _aУказ. имен.: с. 322-362
320 _aУказ.геогр. назв.: с. 363-375
606 0 _aКрестьянская война под предводительством Пугачева
_yБашкирия
_z1773 - 1775
_91110938
_3RU\NLR\AUTH\66119075
686 1 _aТ3(2)464-431.91
700 1 _aТаймасов
_bС. У.
_gСалават Усманович
_4070
801 0 _aRU
_bNLR
_c20000623
_gPSBO
801 1 _aRU
_bNLR
_c20000623
852 _aNLR
_j2000-3/5114
942 _cBOOK
980 _aNB